Angielskie nazwy bierek szachowych - Statystyki

Ogólne statystyki
  • Ten quiz został rozwiązany 70 razy
  • Średni wynik to 4 z 6
Statystyki odpowiedzi
Polski Angielski % Poprawnych
Król King
100%
Hetman Queen
71%
Pion Pawn
53%
Goniec Bishop
52%
Skoczek Knight
45%
Wieża Rook
45%
Nie znaleziono quizów pasujących do podanych kryteriów
Rozkład punktacji
Procent ludzi z każdym wynikiem
Percentyl według liczby udzielonych odpowiedzi
Twoja historia wyników
Nie rozwiązałeś tego quizu